[Event "POL-ch Amateurs"]
[Site "Wroclaw"]
[Date "2011.07.02"]
[Round "3"]
[White "Strzep, Marek"]
[Black "Daleczko, Wladyslaw"]
[Result "1/2-1/2"]
[WhiteElo "1828"]
[BlackElo "1581"]
[PlyCount "73"]
[EventDate "2011.07.01"]
[EventType "swiss"]
[EventRounds "7"]
[EventCountry "POL"]
[SourceTitle "EXT 2023"]
[Source "ChessBase"]
[SourceDate "2022.10.05"]
[SourceVersion "1"]
[SourceVersionDate "2022.10.05"]
[SourceQuality "1"]

1. e4 d6 2. d4 Nf6 3. Bd3 g6 4. Ne2 Bg7 5. 0-0 0-0 6. f4 Na6 7. Ng3 c6 8. f5 Qb6 9. c3 e5 10. Qe2 exd4 11. cxd4 Qxd4+ 12. Be3 Qa4 13. Nc3 Qa5 14. a3 Qd8 15. fxg6 hxg6 16. Bg5 Qb6+ 17. Kh1 Ng4 18. Be7 Re8 19. Bxd6 Bd4 20. Bc4 Nf2+ 21. Rxf2 Bxf2 22. Rf1 Be6 23. Bxe6 Rxe6 24. e5 Bxg3 25. hxg3 Kg7 26. Rf2 Rh8+ 27. Kg1 Nc7 28. Ne4 Rh5 29. g4 Rhxe5 30. Bxe5+ Rxe5 31. Qf3 f5 32. gxf5 Rxf5 33. Qc3+ Kg8 34. Qg3 Kg7 35. Qc3+ Kg8 36. Qg3 Kg7 37. Qc3+ 1/2-1/2